| 000 | 00422pab a2200157 454500 | ||
|---|---|---|---|
| 008 | 180718b2017 xxu||||| |||| 00| 0 eng d | ||
| 100 | _aPasquetti, Silvia | ||
| 245 | _aUrban informality and confinement: toward a relational framework | ||
| 260 | _c2017 | ||
| 300 | _ap.532-544. | ||
| 362 | _aJul | ||
| 650 | _aUrban development | ||
| 700 | _aPicker, Giovanni | ||
| 773 | _aInternational Sociology | ||
| 909 | _a115264 | ||
| 999 |
_c115258 _d115258 |
||